000 00670nam a22001817a 4500
003 OSt
005 20250221173647.0
008 240828b ||||| |||| 00| 0 eng d
040 _c0
082 _aDPer 379.1 J826 Winter-Spring 2020 v. 45 n. 3-4
100 _aSnodgrass, Lisa Lambert.
_eauthor.
_959247
245 _aWisconsin /
_cLisa Lambert Snodgrass.
260 _aUnited States ;
_bUniversity of Illinois Press and Johns Hopkins University Press,
_cWinter 2020.
300 _avolume 45, pages 395-397.
500 _aJournal of Education Finance, v. 45, n. 3, pages 395-397, Spring 2020.
700 _aSnodgrass, Lisa Lambert.
_eauthor.
_959247
942 _2ddc
_cPER
999 _c20988
_d20988